LEADER 01606oam 2200385z- 450 001 9910689592403321 005 20161210101405.0 035 $a(CKB)5470000001380919 035 $a(BIP)006287308 035 $a(EXLCZ)995470000001380919 100 $a20220406c1997uuuu -u- - 101 0 $aeng 200 10$aOne year after ValuJet crash $eFAA response to hazmat and cargo fire protection issues : hearing before the Subcommittee on Aviation of the Committee on Transportation and Infrastructure, House of Representatives, One Hundred Fifth Congress, first session, May 15, 1997 215 $a1 online resource (iii, 185 p.) $cill 311 $a0-16-056098-5 517 $aProtecting small business and national parks 517 $aOne year after ValuJet crash 606 $aAirplanes$xFires and fire prevention$zUnited States 606 $aHazardous substances$xTransportation$zUnited States$xSafety measures 606 $aAircraft accidents$zUnited States$xPrevention 606 $aAeronautics$zUnited States$xSafety measures 607 $aYellowstone National Park$xEnvironmental conditions 610 $aAircraft accidents 610 $aHazardous substances 610 $aAeronautics 610 $aTechnology & engineering 610 $aTransportation 615 0$aAirplanes$xFires and fire prevention 615 0$aHazardous substances$xTransportation$xSafety measures. 615 0$aAircraft accidents$xPrevention. 615 0$aAeronautics$xSafety measures. 906 $aBOOK 912 $a9910689592403321 996 $aOne year after ValuJet crash$94252700 997 $aUNINA